Nieprawidłowy tytuł filmu #2 - Statystyki

Ogólne statystyki
  • Ten quiz został rozwiązany 69 razy
  • Średni wynik to 8 z 11
Statystyki odpowiedzi
Nie Prawidłowy
tytuł
Prawidłowy
tytuł
% Poprawnych
Szybcy i Dumni Szybcy i Wśćiekli
98%
Epoka Lodu Epoka Lodowcowa
87%
Isąmocni Iniemamocni
87%
Iron Stark Iron Man
85%
Jurassic City Jurassic World
84%
Mortal Kombajn Mortal Kombat
84%
Pulpet Fiction Pulp Fiction
70%
Poszukiwacze ZaginionejSkarpetki Poszukiwacze Zaginionej Arki
69%
Closeheimer Openheimer
64%
Szósty Element Piąty Element
49%
Krab Game Squid Game
38%
Nie znaleziono quizów pasujących do podanych kryteriów
Rozkład punktacji
Procent ludzi z każdym wynikiem
Percentyl według liczby udzielonych odpowiedzi
Twoja historia wyników
Nie rozwiązałeś tego quizu